| 000 | 00608 a2200181 4500 | ||
|---|---|---|---|
| 003 | Nust | ||
| 005 | 20170207153212.0 | ||
| 040 | _cNust | ||
| 082 | _a005.1 | ||
| 100 | _aHaque, Ul Ejaz (MSCS-11) | ||
| 245 |
_aPerformance analysis of disc scheduling algorithms. _cEjaz ul Haque |
||
| 260 |
_bMCS _cFeb, 2008 |
||
| 300 | _a67p. | ||
| 505 | _aIntroduction (page-1), Literature review (page-4), Simulation methodology (page-11), Tests and results (page-22), Comparative analysis (page-33), Conclusion and futur work (page-48). | ||
| 538 | _aAlmirah No 73 Shelf No 2 | ||
| 650 | _aMSCS Thesis | ||
| 651 | _aMSCS-11 | ||
| 942 | _cTHS | ||
| 999 |
_c181413 _d181413 |
||